01393nam a22003857a 45000010005000000030010000050050017000150080041000320220014000730400025000870800019001120900024001310970059001550970015002140970017002290970024002460970018002700970060002880970018003480980013003662100021003792450042004002600066004423000016005083100023005243620027005475300046005745900059006206500034006796500049007137100050007629420013008129520167008259990015009921595BR-CuiBMT20231216210212.0231216c1964 dfbqr p 0 a1por d a0034-835x aBR-CuiBMTcBR-CuiBMT a3422007x(05) dPeriódicoa34(05) aAbLocalcFilosofia/Teologia : subcomissão filosofia aAbDireito aBbGeografia aBbMultidisciplinar aCbHistória aCbCiências Políticas e Relações Internacionais aCbSociologia a067082-01 aRev. inf. legis.00aRevista de informação legislativa aBrasília :bSubsecretaria de Edições Técnicas,c1964- av. ;b25 cm aTrimestralb2008 -0 aVol. 1, no. 1 (1964) - aDisponível também em versão online. aData de início da coleção na Biblioteca : 2018 - aDireitovPeriódicoszBrasil aCiências jurídicasvPeriódicoszBrasil1 aBrasil.bCongresso Nacional.bSenado Federal. 2udccREV 00102udc40708CCODEaBIBTCEMTbBIBTCEMTd2023-12-16hv. 55, n. 219, jul./set. 2018l0oPeriódico 34(05)pBIBTCEMT23120717r2023-12-16tEx. 1w2023-12-16yREV c1595d1595